Energy Policy Experience Of Asian Countries (Record no. 521809)

000 -LEADER
fixed length control field 00225nam a22000977a 4500
082 ## - DEWEY DECIMAL CLASSIFICATION NUMBER
Classification number TNC
100 ## - MAIN ENTRY--PERSONAL NAME
Personal name Asian
9 (RLIN) 36040
245 ## - TITLE STATEMENT
Title Energy Policy Experience Of Asian Countries
260 ## - PUBLICATION, DISTRIBUTION, ETC. (IMPRINT)
Place of publication, distribution, etc Manila
Name of publisher, distributor, etc Asian
Date of publication, distribution, etc 1987
300 ## - PHYSICAL DESCRIPTION
Extent 186p.
Holdings
Withdrawn status Lost status Source of classification or shelving scheme Damaged status Koha normalized classification for sorting Not for loan Permanent location Current location Date acquired Full call number Barcode Date last seen Price effective from Koha item type
        TNC   Indian Institute of Public Administration Indian Institute of Public Administration 2023-02-27 TNC GR24135 2023-02-27 2023-02-27 GR

Powered by Koha